[Event "4NCL Division Two"]
[Site "Sunningdale"]
[Date "2009.10.24"]
[Round "1.11"]
[White "Rendle, Thomas"]
[Black "Arnott, Jonathan"]
[Result "1-0"]
[WhiteElo "2382"]
[BlackElo "2154"]
[PlyCount "59"]
[EventDate "2009.10.24"]
[EventType "team"]
[EventRounds "11"]
[EventCountry "ENG"]
[SourceDate "2009.10.24"]
[WhiteTeam "Sambuca Sharks"]
[BlackTeam "White Rose II"]

1. e4 e6 2. d4 d5 3. Nd2 Nf6 4. e5 Nfd7 5. Bd3 c5 6. c3 Nc6 7. Ngf3 g6 8. h4 h6
9. Bc2 b6 10. a3 a5 11. Kf1 Bg7 12. Kg1 cxd4 13. cxd4 f5 14. Nf1 Ne7 15. Ng3
Nf8 16. Ne2 Nh7 17. Be3 Ba6 18. Nf4 Kf7 19. h5 g5 20. Ng6 Rg8 21. g4 Bc8 22.
Nh2 Nf8 23. Qf3 Nfxg6 24. hxg6+ Ke8 25. gxf5 exf5 26. Ng4 Nxg6 27. Nxh6 Bxh6
28. Rxh6 g4 29. Qh1 Qc7 30. Qxd5 1-0

[Event "4NCL Division Two"]
[Site "Sunningdale"]
[Date "2009.10.24"]
[Round "1.12"]
[White "Shaw, Peter"]
[Black "Roberson, Peter T"]
[Result "1/2-1/2"]
[WhiteElo "2156"]
[BlackElo "2221"]
[PlyCount "50"]
[EventDate "2009.10.24"]
[EventType "team"]
[EventRounds "11"]
[EventCountry "ENG"]
[SourceDate "2009.10.24"]
[WhiteTeam "White Rose II"]
[BlackTeam "Sambuca Sharks"]

1. d4 e6 2. c4 b6 3. e4 Bb7 4. Bd3 Bb4+ 5. Bd2 Nc6 6. Ne2 Qf6 7. Bxb4 Nxb4 8.
Nbc3 Nxd3+ 9. Qxd3 Qg6 10. Qg3 Qxg3 11. hxg3 Nh6 12. d5 d6 13. f3 c6 14. g4
exd5 15. exd5 cxd5 16. Nxd5 Bxd5 17. cxd5 Ng8 18. Kf2 Kd7 19. Rhd1 Ne7 20. Rac1
Rac8 21. Rxc8 Rxc8 22. Nc3 Rc5 23. Ke3 b5 24. a3 a6 25. Ke4 Nc8 1/2-1/2

[Event "4NCL Division Two"]
[Site "Sunningdale"]
[Date "2009.10.24"]
[Round "1.14"]
[White "O'Driscoll, Kieran"]
[Black "Williams, Samuel G"]
[Result "1/2-1/2"]
[WhiteElo "2062"]
[BlackElo "2198"]
[PlyCount "58"]
[EventDate "2009.10.24"]
[EventType "team"]
[EventRounds "11"]
[EventCountry "ENG"]
[SourceDate "2009.10.24"]
[WhiteTeam "White Rose II"]
[BlackTeam "Sambuca Sharks"]

1. d4 Nf6 2. c4 g6 3. Nc3 d5 4. Nf3 Bg7 5. Bf4 c5 6. dxc5 Qa5 7. cxd5 Ne4 8.
Rc1 Nxc3 9. Qd2 Nd7 10. bxc3 Nxc5 11. Be5 f6 12. Bd4 Ne4 13. Qb2 Qxd5 14. g3
Be6 15. Bg2 Nd6 16. a4 O-O 17. O-O Qc4 18. Nd2 Qxa4 19. Ra1 Qb5 20. Qxb5 Nxb5
21. Bxb7 Rab8 22. Bf3 f5 23. Bxg7 Kxg7 24. c4 Nd4 25. Rxa7 Rb2 26. e3 Rxd2 27.
exd4 Bxc4 28. Re1 Rxd4 29. Rexe7+ Rf7 1/2-1/2

[Event "4NCL Division Two"]
[Site "Sunningdale"]
[Date "2009.10.24"]
[Round "1.15"]
[White "Purton, Benjamin"]
[Black "Faulks, Nick"]
[Result "0-1"]
[WhiteElo "2144"]
[BlackElo "2102"]
[PlyCount "54"]
[EventDate "2009.10.24"]
[EventType "team"]
[EventRounds "11"]
[EventCountry "ENG"]
[SourceDate "2009.10.24"]
[WhiteTeam "Sambuca Sharks"]
[BlackTeam "White Rose II"]

1. e4 c5 2. Nf3 e6 3. c4 Nc6 4. Nc3 a6 5. Bd3 Nf6 6. O-O Qc7 7. Re1 Bd6 8. Bf1
Nd4 9. g3 h5 10. d3 h4 11. Nxd4 hxg3 12. Nc2 Rxh2 13. f3 b6 14. Ne3 Bb7 15. Bg2
O-O-O 16. Ng4 Nxg4 17. fxg4 Rdh8 18. Re2 Qd8 19. g5 Qg8 20. Qf1 Qh7 21. Qf3 f5
22. gxf6 Rf8 23. Qg4 Rxf6 24. Be3 Rh4 25. Qg5 Rg6 26. Rf1 Rxg5 27. Bxg5 Rg4 0-1

[Event "4NCL Division Two"]
[Site "Sunningdale"]
[Date "2009.10.24"]
[Round "1.21"]
[White "Webb, Richard M"]
[Black "Ynojosa, Felix"]
[Result "1/2-1/2"]
[WhiteElo "2260"]
[BlackElo "2197"]
[PlyCount "70"]
[EventDate "2009.10.24"]
[EventType "team"]
[EventRounds "11"]
[EventCountry "ENG"]
[SourceDate "2009.10.24"]
[WhiteTeam "AMCA Dragons"]
[BlackTeam "Barbican Youth"]

1. e4 c5 2. Nc3 Nc6 3. Nge2 e5 4. Nd5 Nce7 5. Nec3 Nxd5 6. Nxd5 Nf6 7. Bc4 Be7
8. d3 d6 9. O-O O-O 10. Nxe7+ Qxe7 11. f4 exf4 12. Bxf4 Ng4 13. h3 Ne5 14. Bxe5
Qxe5 15. c3 Be6 16. Qb3 Bxc4 17. Qxc4 b5 18. Qxb5 Rab8 19. Qc4 Rxb2 20. Rab1
Rxb1 21. Rxb1 h6 22. Rb7 Qg5 23. a4 Qc1+ 24. Kh2 Qf4+ 25. Kh1 Re8 26. Rb1 Re6
27. Qd5 Kh7 28. a5 Rg6 29. a6 Rg3 30. Qf5+ Qxf5 31. exf5 Rxd3 32. Rb7 f6 33.
Rxa7 Rxc3 34. Rd7 Ra3 35. Rxd6 c4 1/2-1/2

[Event "4NCL Division Two"]
[Site "Sunningdale"]
[Date "2009.10.24"]
[Round "1.22"]
[White "O'Toole, George E"]
[Black "Richardson, Keith B"]
[Result "1/2-1/2"]
[WhiteElo "2146"]
[BlackElo "2189"]
[PlyCount "151"]
[EventDate "2009.10.24"]
[EventType "team"]
[EventRounds "11"]
[EventCountry "ENG"]
[SourceDate "2009.10.24"]
[WhiteTeam "Barbican Youth"]
[BlackTeam "AMCA Dragons"]

1. e4 g6 2. d4 Bg7 3. Nc3 d6 4. Be3 a6 5. f3 b5 6. Qd2 Nd7 7. h4 h5 8. Nh3 Ngf6
9. Rd1 Bb7 10. Nf4 e5 11. dxe5 Nxe5 12. Qf2 O-O 13. Be2 Re8 14. O-O Qe7 15. Rd2
c6 16. Rfd1 Rad8 17. a4 Rd7 18. axb5 axb5 19. Bd4 Ra8 20. b4 Ra3 21. Nb1 Ra4
22. c3 Ra8 23. Bf1 d5 24. Bc5 Qe8 25. exd5 Nxd5 26. Nxd5 Rxd5 27. Rxd5 cxd5 28.
Re1 Qd7 29. Nd2 Bc6 30. Nb3 Re8 31. Nd4 Qb7 32. Ra1 Ra8 33. Rxa8+ Qxa8 34. Bxb5
Bb7 35. Bf1 Nd7 36. Bd6 Kh7 37. Qe3 Bf6 38. Bg3 Qd8 39. Bd3 Bxh4 40. Bxh4 Qxh4
41. Qe8 Kg7 42. Qxd7 Qe1+ 43. Bf1 Qxc3 44. Ne6+ Kf6 45. Nc5 Qd4+ 46. Kh2 Qh4+
47. Qh3 Qxb4 48. Nxb7 Qxb7 49. Qh4+ Kg7 50. Qd4+ Kg8 51. Bd3 Qc7+ 52. Kg1 Qc1+
53. Bf1 Qg5 54. Kf2 h4 55. Qd3 Qg3+ 56. Ke3 Qe5+ 57. Kd2 Qb2+ 58. Kd1 Qf2 59.
Qe2 Qd4+ 60. Kc2 Kg7 61. Qd3 Qf2+ 62. Kc3 Qc5+ 63. Kb3 Qb6+ 64. Ka4 Qc6+ 65.
Qb5 Qc3 66. Qe2 Qc6+ 67. Kb4 Qb6+ 68. Qb5 Qd4+ 69. Ka3 h3 70. gxh3 Qc3+ 71. Ka4
Qxf3 72. Kb4 Qe4+ 73. Kc5 d4 74. Qc4 Qe5+ 75. Kb4 Qe3 76. Qd3 1/2-1/2

[Event "4NCL Division Two"]
[Site "Sunningdale"]
[Date "2009.10.24"]
[Round "1.23"]
[White "Coates, Kenneth G"]
[Black "Hodgson, John H"]
[Result "1/2-1/2"]
[WhiteElo "2220"]
[BlackElo "2180"]
[PlyCount "66"]
[EventDate "2009.10.24"]
[EventType "team"]
[EventRounds "11"]
[EventCountry "ENG"]
[SourceDate "2009.10.24"]
[WhiteTeam "AMCA Dragons"]
[BlackTeam "Barbican Youth"]

1. d4 Nf6 2. Nf3 g6 3. Nc3 d5 4. Bf4 Bg7 5. Qd2 O-O 6. Bh6 Nc6 7. Bxg7 Kxg7 8.
O-O-O Qd6 9. e3 a6 10. Be2 Bg4 11. h3 Bxf3 12. gxf3 Rad8 13. h4 h5 14. f4 e6
15. f3 Ng8 16. Rdg1 Nh6 17. Nd1 Ne7 18. Nf2 c5 19. c3 c4 20. Bd1 b5 21. Bc2 a5
22. Rg5 Rh8 23. e4 b4 24. Rhg1 bxc3 25. bxc3 Qa3+ 26. Kd1 Kf8 27. f5 exf5 28.
exf5 Nhxf5 29. Bxf5 Nxf5 30. Rxf5 gxf5 31. Qg5 Qa4+ 32. Kc1 Qa3+ 33. Kd1 Qa4+
1/2-1/2

[Event "4NCL Division Two"]
[Site "Sunningdale"]
[Date "2009.10.24"]
[Round "1.24"]
[White "Sen, Subin"]
[Black "Frostick, Clive A"]
[Result "1-0"]
[WhiteElo "2098"]
[BlackElo "2160"]
[PlyCount "39"]
[EventDate "2009.10.24"]
[EventType "team"]
[EventRounds "11"]
[EventCountry "ENG"]
[SourceDate "2009.10.24"]
[WhiteTeam "Barbican Youth"]
[BlackTeam "AMCA Dragons"]

1. Nf3 d5 2. d4 e6 3. c4 dxc4 4. e3 Nf6 5. Bxc4 c5 6. O-O a6 7. Bb3 Nc6 8. Qe2
Qc7 9. Rd1 Bd7 10. Nc3 Be7 11. d5 exd5 12. Bxd5 O-O 13. e4 Nd4 14. Nxd4 cxd4
15. Rxd4 Bc5 16. Rc4 Ng4 17. e5 Nxe5 18. Bf4 Rae8 19. Bxe5 Rxe5 20. Rxc5 1-0

[Event "4NCL Division Two"]
[Site "Sunningdale"]
[Date "2009.10.24"]
[Round "1.25"]
[White "Turner, Caius AW"]
[Black "Farrand, Julian"]
[Result "1-0"]
[WhiteElo "2122"]
[BlackElo "2103"]
[PlyCount "117"]
[EventDate "2009.10.24"]
[EventType "team"]
[EventRounds "11"]
[EventCountry "ENG"]
[SourceDate "2009.10.24"]
[WhiteTeam "AMCA Dragons"]
[BlackTeam "Barbican Youth"]

1. Nf3 d6 2. d4 Nf6 3. c4 Nbd7 4. Nc3 e5 5. e4 c6 6. Be2 Be7 7. O-O O-O 8. Qc2
Re8 9. Rd1 Qc7 10. Bg5 a6 11. Rac1 h6 12. Bh4 Nf8 13. Bg3 Ng6 14. c5 Nh5 15. d5
Nxg3 16. hxg3 dxc5 17. dxc6 Qxc6 18. Nd5 Bf8 19. b4 Be6 20. a4 cxb4 21. Qxc6
bxc6 22. Nc7 Bb3 23. Rd2 Bxa4 24. Ra1 Bb3 25. Nxe8 Rxe8 26. Rb2 Be6 27. Rxa6
Rc8 28. Nd2 c5 29. Bc4 Bxc4 30. Nxc4 Rd8 31. Rd2 Rxd2 32. Nxd2 f6 33. Rc6 Be7
34. Nb3 Kf7 35. Nxc5 Nf8 36. Kf1 h5 37. f3 g5 38. Nd3 Ne6 39. Rb6 Nd4 40. Nxb4
Bxb4 41. Rxb4 Kg6 42. Kf2 Kh6 43. Rc4 Kg6 44. Ke3 Ne6 45. Kd3 Kf7 46. Kc3 Kg6
47. Kb4 Nd4 48. Rxd4 exd4 49. Kc4 h4 50. gxh4 gxh4 51. f4 Kh5 52. e5 fxe5 53.
fxe5 Kg6 54. Kxd4 Kf7 55. Ke4 Ke7 56. Kf5 Kf7 57. Kg4 Ke6 58. Kxh4 Kxe5 59. Kg5
1-0

[Event "4NCL Division Two"]
[Site "Sunningdale"]
[Date "2009.10.24"]
[Round "1.26"]
[White "Smith, Ivor BN"]
[Black "Duvall, Ian"]
[Result "1/2-1/2"]
[WhiteElo "2145"]
[BlackElo "2166"]
[PlyCount "61"]
[EventDate "2009.10.24"]
[EventType "team"]
[EventRounds "11"]
[EventCountry "ENG"]
[SourceDate "2009.10.24"]
[WhiteTeam "Barbican Youth"]
[BlackTeam "AMCA Dragons"]

1. e4 c5 2. d4 cxd4 3. c3 d3 4. c4 g6 5. Bd2 Bg7 6. Bc3 Nf6 7. Bxd3 Nc6 8. Nf3
d6 9. O-O O-O 10. Nbd2 a6 11. Re1 Qc7 12. Nf1 Bg4 13. Ne3 Bxf3 14. Qxf3 Ne5 15.
Qe2 Nxd3 16. Qxd3 e6 17. Rad1 Rfd8 18. g3 Qc6 19. f3 Rab8 20. Re2 b5 21. b3 h5
22. Kg2 Rbc8 23. Ba5 Rd7 24. cxb5 Qxb5 25. Qxb5 axb5 26. Bb4 Ne8 27. a4 bxa4
28. bxa4 Rb8 29. Be1 Rc7 30. Ra2 Rb3 31. Kf2 1/2-1/2

[Event "4NCL Division Two"]
[Site "Sunningdale"]
[Date "2009.10.24"]
[Round "1.27"]
[White "Hart, David PO"]
[Black "Moore, John C"]
[Result "1-0"]
[WhiteElo "2012"]
[BlackElo "2049"]
[PlyCount "79"]
[EventDate "2009.10.24"]
[EventType "team"]
[EventRounds "11"]
[EventCountry "ENG"]
[SourceDate "2009.10.24"]
[WhiteTeam "AMCA Dragons"]
[BlackTeam "Barbican Youth"]

1. e4 e5 2. Nf3 Nc6 3. Bb5 a6 4. Ba4 Nf6 5. O-O Be7 6. Re1 b5 7. Bb3 O-O 8. c3
d6 9. h3 Na5 10. Bc2 c5 11. d4 Qc7 12. Nbd2 cxd4 13. cxd4 Nc6 14. Nf1 exd4 15.
Bf4 Be6 16. Rc1 Qb6 17. Ng3 Rfe8 18. Ng5 Ne5 19. Ne2 Nh5 20. Nxe6 fxe6 21. Bb3
Bf6 22. Bh2 Ng6 23. g4 Nh4 24. gxh5 Nf3+ 25. Kg2 Nxe1+ 26. Qxe1 d3 27. Nf4 Bxb2
28. Rd1 d5 29. Rxd3 Kh8 30. Qd2 dxe4 31. Rd6 Qc5 32. Qxb2 e5 33. Rd5 Qe7 34.
Ne2 Qf6 35. Bxe5 Qf3+ 36. Kg1 Re7 37. Qd2 Qxh5 38. Ng3 Qxh3 39. Rd8+ Re8 40.
Qg5 1-0

[Event "4NCL Division Two"]
[Site "Sunningdale"]
[Date "2009.10.24"]
[Round "1.28"]
[White "Wells, Daniel J"]
[Black "Tunstall, George S"]
[Result "1-0"]
[WhiteElo "2014"]
[BlackElo "1978"]
[PlyCount "151"]
[EventDate "2009.10.24"]
[EventType "team"]
[EventRounds "11"]
[EventCountry "ENG"]
[SourceDate "2009.10.24"]
[WhiteTeam "Barbican Youth"]
[BlackTeam "AMCA Dragons"]

1. e4 c5 2. Nf3 Nc6 3. Bb5 e6 4. Bxc6 bxc6 5. d3 d5 6. Nbd2 Nf6 7. c4 Be7 8.
O-O O-O 9. Qe2 Qc7 10. Re1 Rd8 11. Nb1 Rb8 12. Nc3 d4 13. Na4 e5 14. h3 Nh5 15.
Ng5 g6 16. b3 Nf4 17. Bxf4 exf4 18. Nf3 Re8 19. Qd2 g5 20. Rab1 Bd7 21. Rb2 Kg7
22. e5 a5 23. g3 fxg3 24. fxg3 h6 25. h4 g4 26. Nh2 f5 27. Qf4 Be6 28. Rf2 Rf8
29. Kh1 Rf7 30. Nf1 Rg8 31. Kg2 Kh7 32. Rfe2 h5 33. Nh2 Bf8 34. Nf1 Bh6 35. Qf2
Qe7 36. Kg1 Rg6 37. Qg2 Bf8 38. Qf2 Bd7 39. Qg2 Re6 40. Nb6 Be8 41. Nc8 Qd7 42.
Nd6 Bxd6 43. exd6 Rff6 44. Qf2 Rxe2 45. Qxe2 Bf7 46. Qe7 Qxd6 47. Qxd6 Rxd6 48.
Re5 a4 49. bxa4 Rd8 50. Rxc5 Ra8 51. Rxc6 Rxa4 52. Rd6 Rxa2 53. Rxd4 Re2 54.
Rf4 Kg6 55. Rf2 Re1 56. Rd2 Kf6 57. Kf2 Re8 58. Ne3 Rc8 59. Ng2 Rd8 60. Ke3
Re8+ 61. Kd4 Rd8+ 62. Kc3 Rc8 63. Re2 Rc7 64. Nf4 Rc8 65. Kd4 Rd8+ 66. Kc5 Ra8
67. Re3 Rd8 68. Kc6 Rc8+ 69. Kd7 Rc5 70. Kd6 Rc8 71. c5 Be8 72. d4 Rc6+ 73. Kd5
Rc8 74. Kc4 Bf7+ 75. d5 Be8 76. c6 1-0

[Event "4NCL Division Two"]
[Site "Sunningdale"]
[Date "2009.10.24"]
[Round "1.31"]
[White "Simons, Martin"]
[Black "Richmond, Peter"]
[Result "1/2-1/2"]
[WhiteElo "2200"]
[BlackElo "2247"]
[PlyCount "63"]
[EventDate "2009.10.24"]
[EventType "team"]
[EventRounds "11"]
[EventCountry "ENG"]
[SourceDate "2009.10.24"]
[WhiteTeam "Wessex"]
[BlackTeam "Brown Jack"]

1. e4 c5 2. g3 g6 3. Bg2 Bg7 4. d3 Nc6 5. Nf3 d6 6. O-O Rb8 7. c3 e5 8. Be3 f5
9. exf5 gxf5 10. Ng5 Nf6 11. Qb3 d5 12. Bxc5 h6 13. Nf3 Kf7 14. d4 Ne4 15. Ba3
exd4 16. cxd4 Be6 17. Qd3 Qf6 18. Rd1 f4 19. Nc3 fxg3 20. fxg3 Rhd8 21. Rf1 Kg8
22. Rad1 Bf5 23. Qe3 b5 24. Nxe4 dxe4 25. Nh4 b4 26. Nxf5 bxa3 27. Qxa3 Kh8 28.
Bxe4 Nxd4 29. Nxg7 Qxg7 30. Rf2 Ne2+ 31. Rxe2 Rxd1+ 32. Kg2 1/2-1/2

[Event "4NCL Division Two"]
[Site "Sunningdale"]
[Date "2009.10.24"]
[Round "1.32"]
[White "Padilla Cabero, Pablo"]
[Black "Kawuma, Steven Male"]
[Result "1/2-1/2"]
[WhiteElo "2169"]
[BlackElo "2187"]
[PlyCount "156"]
[EventDate "2009.10.24"]
[EventType "team"]
[EventRounds "11"]
[EventCountry "ENG"]
[SourceDate "2009.10.24"]
[WhiteTeam "Brown Jack"]
[BlackTeam "Wessex"]

1. e4 c5 2. Nc3 Nc6 3. g3 g6 4. Bg2 Bg7 5. d3 e6 6. Be3 d6 7. Qd2 Rb8 8. Nf3 e5
9. O-O Nd4 10. Ne1 Nf6 11. Bh6 O-O 12. Bxg7 Kxg7 13. Nd1 d5 14. Ne3 dxe4 15.
dxe4 b6 16. c3 Nc6 17. Nd3 Ba6 18. Rfd1 Rb7 19. Qc2 Rd7 20. Qa4 Bxd3 21. Qxc6
Rc7 22. Qa4 c4 23. Bf1 Qa8 24. Bxd3 cxd3 25. f3 Rd8 26. Rd2 a6 27. Qd1 Nxe4 28.
fxe4 Qxe4 29. Qe1 f5 30. Ng2 Qxe1+ 31. Rxe1 e4 32. h4 Kf6 33. Nf4 Rc6 34. Kf2
Rdd6 35. Ke3 Ke5 36. Rf2 Rd8 37. Kd2 Rdd6 38. Ng2 Rd8 39. Ne3 Rcc8 40. Ref1 Rf8
41. b3 b5 42. Ng2 Rc6 43. g4 Rcf6 44. g5 Rc6 45. Ne3 a5 46. h5 Ke6 47. h6 a4
48. c4 axb3 49. axb3 bxc4 50. Nxc4 Kd5 51. Ke3 Ra6 52. Nd2 Re8 53. Rc1 Re7 54.
Rc4 Rd6 55. Ra4 Rb7 56. Ra5+ Ke6 57. Nc4 Rd5 58. Ra6+ Ke7 59. Nd2 Rd6 60. Ra4
Re6 61. Rf1 Rd7 62. b4 Rb6 63. Nc4 Rb5 64. Rb1 d2 65. Rd1 Rd3+ 66. Ke2 f4 67.
Ra7+ Ke6 68. Rxd2 f3+ 69. Kf1 Rxd2 70. Nxd2 Rxb4 71. Rxh7 Kf5 72. Rf7+ Kxg5 73.
Rh7 Kf5 74. Rf7+ Kg5 75. h7 Rb8 76. Nxe4+ Kh6 77. Nf6 Rh8 78. Kf2 g5 {
No further moves were recorded} 1/2-1/2

[Event "4NCL Division Two"]
[Site "Sunningdale"]
[Date "2009.10.24"]
[Round "1.33"]
[White "Lock, Gavin R"]
[Black "Truran, Michael"]
[Result "1-0"]
[WhiteElo "2188"]
[BlackElo "2215"]
[PlyCount "111"]
[EventDate "2009.10.24"]
[EventType "team"]
[EventRounds "11"]
[EventCountry "ENG"]
[SourceDate "2009.10.24"]
[WhiteTeam "Wessex"]
[BlackTeam "Brown Jack"]

1. d4 f5 2. Nf3 Nf6 3. Bg5 Ne4 4. Bf4 d6 5. Nbd2 Nxd2 6. Qxd2 Nd7 7. e4 fxe4 8.
Ng5 Nf6 9. f3 d5 10. fxe4 h6 11. Nf3 Nxe4 12. Qe3 Bf5 13. Bd3 Qd7 14. O-O O-O-O
15. Ne5 Qe6 16. Bxe4 Bxe4 17. Bg3 g5 18. Nf7 Bg7 19. Nxd8 Rxd8 20. c3 Bf6 21.
Qe2 Rh8 22. Qh5 Bg6 23. Rae1 Bxh5 24. Rxe6 Kd7 25. Re3 c6 26. Be5 Bxe5 27. Rxe5
Bg6 28. h4 gxh4 29. Rf4 h5 30. Rg5 Be8 31. Rxh4 Rf8 32. Rh3 Rf4 33. Re3 Rf6 34.
Rg7 Bf7 35. Rf3 Rxf3 36. gxf3 Ke8 37. Kf2 Kf8 38. Rg5 Ke8 39. Kg3 Kd7 40. Re5
Kd6 41. Kf4 a5 42. Kg5 b5 43. f4 Be8 44. f5 a4 45. Kh6 Bd7 46. Kxh5 c5 47. Kg5
b4 48. a3 bxa3 49. bxa3 cxd4 50. cxd4 Bc8 51. Kf4 Bd7 52. Ke3 Bb5 53. Kd2 Bc4
54. Kc3 Bb5 55. Re6+ Kd7 56. Kb4 1-0

[Event "4NCL Division Two"]
[Site "Sunningdale"]
[Date "2009.10.24"]
[Round "1.34"]
[White "Haydon, Richard"]
[Black "Jenks, Bruce"]
[Result "1/2-1/2"]
[WhiteElo "2184"]
[BlackElo "2127"]
[PlyCount "84"]
[EventDate "2009.10.24"]
[EventType "team"]
[EventRounds "11"]
[EventCountry "ENG"]
[SourceDate "2009.10.24"]
[WhiteTeam "Brown Jack"]
[BlackTeam "Wessex"]

1. Nf3 c5 2. g3 b6 3. Bg2 Bb7 4. O-O g6 5. d3 Bg7 6. e4 Nf6 7. e5 Nd5 8. Re1
Nc6 9. c3 O-O 10. d4 cxd4 11. cxd4 Rc8 12. a3 e6 13. Nbd2 d6 14. Nc4 dxe5 15.
Ncxe5 Nxe5 16. dxe5 Rc7 17. Bg5 Qa8 18. Rc1 Rfc8 19. Rxc7 Rxc7 20. Qd2 Qc8 21.
Rc1 Rxc1+ 22. Qxc1 Qxc1+ 23. Bxc1 Ne7 24. Bf4 Bd5 25. Ne1 Kf8 26. Bf3 Ke8 27.
Kg2 Kd7 28. Nd3 Nc6 29. g4 Nd4 30. Bxd5 exd5 31. Bg3 g5 32. h4 h6 33. f4 gxf4
34. Bxf4 Ke6 35. h5 Nc6 36. b3 a5 37. Kf2 d4 38. Kf3 Kd5 39. g5 hxg5 40. Bxg5
Nxe5+ 41. Nxe5 Bxe5 42. Bd8 Kc5 1/2-1/2

[Event "4NCL Division Two"]
[Site "Sunningdale"]
[Date "2009.10.24"]
[Round "1.36"]
[White "Richmond, Jane"]
[Black "Yeo, Michael J"]
[Result "0-1"]
[WhiteElo "2118"]
[BlackElo "2153"]
[PlyCount "94"]
[EventDate "2009.10.24"]
[EventType "team"]
[EventRounds "11"]
[EventCountry "ENG"]
[SourceDate "2009.10.24"]
[WhiteTeam "Brown Jack"]
[BlackTeam "Wessex"]

1. d4 d5 2. Nc3 Nf6 3. Bg5 Bf5 4. f3 Nbd7 5. Nxd5 Nxd5 6. e4 h6 7. Bh4 N7b6 8.
exf5 Ne3 9. Qe2 Qxd4 10. Bf2 Nbc4 11. c3 Qe5 12. Bxe3 Qxe3 13. Rd1 Qxe2+ 14.
Kxe2 Nxb2 15. Rb1 Na4 16. Rxb7 Nxc3+ 17. Kd2 O-O-O+ 18. Kxc3 Kxb7 19. Nh3 g5
20. Bc4 Bg7+ 21. Kc2 Rd6 22. Rb1+ Ka8 23. Nf2 Rc6 24. Rb4 Rb8 25. Rxb8+ Kxb8
26. Kd3 Rd6+ 27. Ke2 e6 28. fxe6 fxe6 29. Ne4 Rc6 30. Kd3 Kc8 31. Nd2 Kd8 32.
Nb3 Ke7 33. Na5 Rd6+ 34. Kc2 Bd4 35. Bd3 Kf6 36. Nc4 Rd8 37. h3 Rb8 38. a3 a5
39. Be4 a4 40. Kd3 c5 41. Bc6 Rb3+ 42. Ke4 Rc3 43. Bb5 h5 44. f4 g4 45. hxg4
hxg4 46. g3 Bf2 47. Ba6 Rxg3 0-1

[Event "4NCL Division Two"]
[Site "Sunningdale"]
[Date "2009.10.24"]
[Round "1.37"]
[White "Kawuma, Moses"]
[Black "Headlong, Fenella"]
[Result "1-0"]
[WhiteElo "2178"]
[BlackElo "1906"]
[PlyCount "73"]
[EventDate "2009.10.24"]
[EventType "team"]
[EventRounds "11"]
[EventCountry "ENG"]
[SourceDate "2009.10.24"]
[WhiteTeam "Wessex"]
[BlackTeam "Brown Jack"]

1. d4 d5 2. Nf3 Nf6 3. c4 e6 4. Bg5 Be7 5. e3 h6 6. Bh4 O-O 7. Bd3 b6 8. O-O
dxc4 9. Bxc4 Bb7 10. Nc3 Nbd7 11. Qe2 Nd5 12. Bg3 N7f6 13. Be5 Bd6 14. Rfd1 Ng4
15. Bg3 Qe7 16. Rac1 f5 17. Nxd5 Bxd5 18. Bxd5 exd5 19. Qb5 Qe4 20. Bxd6 cxd6
21. Qd7 Rfd8 22. Qb7 Rdb8 23. Qc7 Rc8 24. Qxd6 Rxc1 25. Rxc1 Re8 26. Nd2 Qd3
27. Qxd5+ Kh8 28. Nf1 Qe2 29. Qf3 Qxb2 30. Rc7 Qb1 31. h3 Nf6 32. Rxa7 Rb8 33.
g3 b5 34. Kg2 b4 35. Nd2 Qd3 36. Nb3 Qb5 37. Ra5 1-0

[Event "4NCL Division Two"]
[Site "Sunningdale"]
[Date "2009.10.24"]
[Round "1.38"]
[White "Tanner, Gary"]
[Black "Thilaganathan, Jessica"]
[Result "0-1"]
[WhiteElo "1474"]
[BlackElo "1874"]
[PlyCount "88"]
[EventDate "2009.10.24"]
[EventType "team"]
[EventRounds "11"]
[EventCountry "ENG"]
[SourceDate "2009.10.24"]
[WhiteTeam "Brown Jack"]
[BlackTeam "Wessex"]

1. d4 d5 2. c4 c6 3. cxd5 cxd5 4. Nc3 Nf6 5. Bf4 Nc6 6. e3 Bf5 7. Nf3 e6 8. Bb5
Nd7 9. Qa4 Qb6 10. O-O Be7 11. Rfc1 O-O 12. a3 Rfc8 13. b4 a5 14. Bxc6 bxc6 15.
b5 c5 16. Qd1 Bg4 17. dxc5 Nxc5 18. a4 Bf6 19. Ra2 Bxf3 20. gxf3 Nd7 21. Rac2
Rc5 22. Ne4 dxe4 23. Qxd7 Rxc2 24. Rxc2 Qd8 25. Rc7 Qxd7 26. Rxd7 e5 27. Bg3
exf3 28. b6 Rb8 29. b7 h5 30. h3 g6 31. Kf1 Kf8 32. Ke1 Ke8 33. Rc7 Bd8 34. Rc8
Rxb7 35. Bh4 Rd7 36. Rxd8+ Rxd8 37. Bxd8 Kxd8 38. Kd2 Kc7 39. Kc3 Kb6 40. Kc4
Kc6 41. h4 f6 42. Kd3 Kd5 43. e4+ Kc5 44. Kc3 g5 0-1

[Event "4NCL Division Two"]
[Site "Sunningdale"]
[Date "2009.10.24"]
[Round "1.41"]
[White "Talsma, Paul A"]
[Black "McMichael, Richard"]
[Result "0-1"]
[WhiteElo "2253"]
[BlackElo "2286"]
[PlyCount "62"]
[EventDate "2009.10.24"]
[EventType "team"]
[EventRounds "11"]
[EventCountry "ENG"]
[SourceDate "2009.10.24"]
[WhiteTeam "Anglian Avengers"]
[BlackTeam "Kings Head"]

1. d4 e6 2. c4 f5 3. e3 Nf6 4. Bd3 b6 5. Nc3 Bb7 6. f3 g6 7. e4 Bg7 8. Bg5 h6
9. Bh4 Qc8 10. Nge2 Nc6 11. O-O O-O 12. e5 Nh7 13. f4 a6 14. a3 Qe8 15. b4 d6
16. b5 Na5 17. Rb1 Rf7 18. exd6 axb5 19. Rxb5 Qc6 20. d5 Qxd6 21. dxe6 Qxe6 22.
Nd5 Re8 23. Bf2 Nf6 24. Nec3 Ng4 25. Kh1 c6 26. Rxb6 Nxf2+ 27. Rxf2 Qe1+ 28.
Rf1 Bxc3 29. Qf3 Qd2 30. Qg3 Kh7 31. Bb1 Bg7 0-1

[Event "4NCL Division Two"]
[Site "Sunningdale"]
[Date "2009.10.24"]
[Round "1.42"]
[White "Kwiatkowski, Feliks J"]
[Black "Player, Edmund C"]
[Result "1-0"]
[WhiteElo "2248"]
[BlackElo "2149"]
[PlyCount "83"]
[EventDate "2009.10.24"]
[EventType "team"]
[EventRounds "11"]
[EventCountry "ENG"]
[SourceDate "2009.10.24"]
[WhiteTeam "Kings Head"]
[BlackTeam "Anglian Avengers"]

1. e4 e6 2. d4 d5 3. Nd2 Nf6 4. e5 Nfd7 5. Bd3 b6 6. Nh3 Ba6 7. Bxa6 Nxa6 8.
O-O c5 9. c4 Nc7 10. Nf4 Be7 11. cxd5 Nxd5 12. Nxd5 exd5 13. Qf3 Nf8 14. dxc5
bxc5 15. Rd1 Ne6 16. Nb3 d4 17. Qc6+ Kf8 18. Bd2 Rc8 19. Qa6 Qd7 20. Na5 g5 21.
Qd3 Qe8 22. Nc4 h5 23. Re1 Rc6 24. Re4 Nc7 25. b4 Re6 26. bxc5 Bxc5 27. Bxg5
Rg8 28. h4 Rgg6 29. Rae1 Qc6 30. Nd6 Nd5 31. Nf5 Nb4 32. Qd1 d3 33. Qxh5 Ke8
34. Qh8+ Bf8 35. Nd6+ Kd7 36. Qxf8 Rxg5 37. hxg5 d2 38. Qxf7+ Re7 39. Qf5+ Re6
40. Rd1 Qc1 41. Qf3 Nd3 42. Nc4 1-0

[Event "4NCL Division Two"]
[Site "Sunningdale"]
[Date "2009.10.24"]
[Round "1.43"]
[White "Munson, Shaun D"]
[Black "Wittmann, Jochen"]
[Result "1-0"]
[WhiteElo "2172"]
[BlackElo "2266"]
[PlyCount "73"]
[EventDate "2009.10.24"]
[EventType "team"]
[EventRounds "11"]
[EventCountry "ENG"]
[SourceDate "2009.10.24"]
[WhiteTeam "Anglian Avengers"]
[BlackTeam "Kings Head"]

1. d4 f5 2. Bg5 c6 3. c4 h6 4. Bf4 Nf6 5. Nc3 d6 6. e4 fxe4 7. Nxe4 Qa5+ 8. Bd2
Qf5 9. Ng3 Qg4 10. Qc2 Be6 11. Nf3 Bf7 12. Bd3 Qd7 13. O-O Na6 14. Rfe1 O-O-O
15. b4 Nc7 16. b5 cxb5 17. cxb5 Kb8 18. b6 axb6 19. a4 Nfd5 20. Reb1 Rc8 21.
Qb2 g5 22. Bb5 Nxb5 23. axb5 Kc7 24. Rc1+ Kd8 25. Rxc8+ Qxc8 26. Rc1 Qd7 27.
Qa2 e6 28. Nxg5 Ke7 29. Nxf7 Kxf7 30. Qb3 Bg7 31. Nf5 Kg6 32. Nh4+ Kh7 33. Qd3+
Kg8 34. Ra1 Nc7 35. Bf4 Rh7 36. Qg3 Kh8 37. Bxd6 1-0